| 000 | 00892nac a22002771i 4500 | ||
|---|---|---|---|
| 003 | EG-ScBUE | ||
| 005 | 20240325103242.0 | ||
| 008 | 240325s1960 e f 000 0 eng d | ||
| 035 | _a(OCoLC)1457189 | ||
| 040 |
_aEG-ScBUE _beng _erda _cEG-ScBUE _dEG-ScBUE |
||
| 082 | 0 | 4 |
_a929.4 _bEKW _222 |
| 100 | 1 |
_aEkwall, Eilert, _eauthor. |
|
| 245 | 1 | 4 |
_aThe concise Oxford dictionary of English place-names / _cby Eilert Ekwall. |
| 250 | _aFourth edition. | ||
| 264 | 1 |
_aOxford : _bThe Clarendon Press, _c1960. |
|
| 300 |
_a546 pages ; _c24 cm |
||
| 336 |
_2rdacontent _atext _btxt |
||
| 337 |
_aunmediated _2rdamedia _bn |
||
| 338 |
_avolume _bnc _2rdacarrier |
||
| 650 | 7 |
_aNames, Geographical _zEngland. _2BUEsh |
|
| 650 | 7 |
_aEnglish language _xEtymology _xNames. _2BUEsh |
|
| 655 | _vReading book | ||
| 740 | 0 | _aEnglish place-names. | |
| 942 |
_cNB _2ddc |
||
| 999 |
_c9971 _d9971 |
||